000 00929nam a2200289 a 4500
001 3418507
003 OSt
005 20140310182208.0
008 901219s1991 pau 000 0 eng
010 _a 90086216
020 _a9781850782001
040 _aDLC
_cDLC
050 0 0 _aBV4832.2
_b.T692 1973
082 0 0 _a242
100 1 _aTozer, A. W.
_q(Aiden Wilson),
_d1897-1963.
_916605
245 1 4 _aThe price of neglect /
_cA.W. Tozer ; compiled by Harry Verploegh.
260 _aCamp Hill, Pa. :
_bChristian Publications,
_cc1991.
300 _a154 p. ;
_c21 cm.
521 _aGrade Five Students
_bLexile
526 _c750L
562 _eFor circulation. 1 copy in the collection
650 0 _aMeditations.
_910700
906 _a7
_bcbc
_corignew
_d2
_eopcn
_f19
_gy-gencatlg
942 _2lcc
999 _c10389
_d10389